000 00556nam a2200217Ia 4500
003 OSt
005 20221007083149.0
006 a|||||r|||| 00| 0
007 ta
008 221006b |||||||| |||| 00| 0 eng d
024 _a38,618
037 _cDissertations
040 _aFLL
_cFLL
_beng
041 _2eng
_aeng
100 _aKaushik Rajendra Kumar
_9700385
245 0 _aJudicial control of delegated legislation
260 _c1986
300 _axxi,149p
_ccm.
942 _cDIS
_2CC
999 _c1169053
_d1169053